000 00585nam a2200217 a 4500
999 _c810
_d810
003 PK-NaQUE
005 20250625181752.0
008 250625b ||||| |||| 00| 0 eng d
020 _a0471476196 (hardcover)
020 _a9780471476191 (hardcover)
040 _cQUEST
100 1 _aKimbark, Edward Wilson.
245 1 0 _aPower System Stability /
250 _aVolume 2 ed.
260 _a[S.l.] :
_bWiley,
_c1950.
300 _a280 p.
490 1 _aVolume 2.
650 _aPower System
856 4 0 _uhttp://10.10.170.122:8080/browse/book/27668
_yDownload eBook
942 _cBK
_2ddc